Cinéma en images par lettres - P - Statistiques

Statistiques générales
  • Ce quiz a été pris 314 fois
  • Le résultat moyen est 15 sur 24
Statistiques - réponses
Par images Hint Réponse % Correct
Acteur Brad Pitt
99%
Personnage Pinocchio
99%
Studio Pathé
94%
Studio Pixar
93%
Actrice Vanessa Paradis
90%
Franchise La Planète des singes
86%
Film Pulp Fiction
86%
Métier Perchiste
79%
Film Psychose
73%
Actrice Nathalie Portman
72%
Acteur Benoît Poelvoorde
71%
Objet Pellicule
66%
Film Parasite
64%
Acteur Al Pacino
63%
Film Paranormal Activity
61%
Réalisateur Roman Polanski
54%
Film Les Petits Mouchoirs
50%
Genre Péplum
50%
Film Persepolis
34%
Acteur Denis Podalydès
29%
Actrice Michelle Pfeiffer
27%
Réalisateur Jordan Peele
24%
Film Pacific Rim
23%
Doubleur Patrick Poivey
2%
Aucun quiz correspondant
Distribution des résultats
% des personnes avec chaque résultat
Percentile par nombre de réponses
Votre historique - résultats
Vous n’avez pas pris ce quiz